<?xml version="1.0" encoding="UTF-8"?>
<marc:record xmlns:marc="http://www.loc.gov/MARC21/slim">
   <marc:leader>00000nam a2200000 a 4500</marc:leader>
   <marc:datafield ind1="1" ind2=" " tag="100">
      <marc:subfield code="a">Rudigier, Ernst</marc:subfield>
      <marc:subfield code="4">aut</marc:subfield>
      <marc:subfield code="e">Verfasser/-in</marc:subfield>
   </marc:datafield>
   <marc:datafield ind1=" " ind2=" " tag="653">
      <marc:subfield code="a">Jagd</marc:subfield>
   </marc:datafield>
   <marc:datafield ind1=" " ind2=" " tag="653">
      <marc:subfield code="a">Erlebnisbericht</marc:subfield>
   </marc:datafield>
   <marc:datafield ind1="0" ind2="0" tag="245">
      <marc:subfield code="a">Faszination Bergjagd</marc:subfield>
   </marc:datafield>
   <marc:datafield ind1="0" ind2="0" tag="245">
      <marc:subfield code="b">Pirschen durch Schluchten und Kare</marc:subfield>
   </marc:datafield>
   <marc:datafield ind1="0" ind2="0" tag="245">
      <marc:subfield code="c">Ernst Rudigier</marc:subfield>
   </marc:datafield>
   <marc:datafield ind1=" " ind2="1" tag="264">
      <marc:subfield code="a">Graz</marc:subfield>
      <marc:subfield code="b">Stocker</marc:subfield>
      <marc:subfield code="c">2007</marc:subfield>
   </marc:datafield>
   <marc:datafield ind1="1" ind2=" " tag="520">
      <marc:subfield code="a">Angaben aus der Verlagsmeldung

Faszination Bergjagd : Pirschen durch Schluchten und Kare / von Ernst Rudigier

„Bergjagd erleben und erfühlen heißt, den Weg zu gehen, der in die weglose Wildnis führt, Geheimnisse zu enträtseln, überschwängliche Pracht zu sehen, Angst und Vergänglichkeit zu spüren …, Verzicht zu üben. Bergjagd vermittelt einen Hauch von Freiheit, ist Liebe zu einem Stück Heimat und rückt die Bedeutung des Menschen in das richtige Lot …“

Seit den ersten Jagderlebnissen mit dem Großvater vermag der Autor einfühlsam Pirschgänge auf Gams, Steinbock und Hirsch, Spielhahn, Murmeltier, Schneehase, Fuchs u. a. darzustellen. Gerade die Kombination einer großen Summe jagdlicher Erlebnisse, gepaart mit einer durchaus humoristischen Schilderung, wird ein breites Leserpublikum ansprechen
</marc:subfield>
   </marc:datafield>
   <marc:datafield ind1=" " ind2=" " tag="020">
      <marc:subfield code="a">9783702011499</marc:subfield>
      <marc:subfield code="9">9783702011499</marc:subfield>
   </marc:datafield>
   <marc:datafield ind1=" " ind2=" " tag="020">
      <marc:subfield code="a">3702011498</marc:subfield>
      <marc:subfield code="9">3702011498</marc:subfield>
   </marc:datafield>
   <marc:datafield ind1=" " ind2=" " tag="041">
      <marc:subfield code="a">ger</marc:subfield>
   </marc:datafield>
   <marc:datafield ind1=" " ind2=" " tag="300">
      <marc:subfield code="a">272 S.</marc:subfield>
   </marc:datafield>
</marc:record>
